[Event "Bled op"]
[Site "Bled"]
[Date "1996.??.??"]
[Round "4"]
[White "Truta, Srecko"]
[Black "Dizdar, Selim"]
[Result "0-1"]
[WhiteElo "2220"]
[BlackElo "2400"]

1.d4 e6 2.c4 Nf6 3.Nf3 Bb4+ 4.Nc3 c5 5.e3 O-O 6.Bd3 d5 7.O-O Nc6 8.cxd5 exd5
9.dxc5 Bxc5 10.h3 Re8 11.Na4 Bd6 12.b3 Ne4 13.Bb2 Bf5 14.a3 Qd7 15.Nc3 Bxh3
16.Bxe4 dxe4 17.gxh3 exf3 18.Qxf3 Ne5 19.Qg2 Re6 20.Ne2 Rg6 21.Ng3 h5 22.Rad1 Nc6
23.h4 Qg4 24.Rxd6 Rxd6 25.Bxg7 Qxg7  0-1

[Event "Budapest FS08 GM"]
[Site "Budapest"]
[Date "1996.??.??"]
[Round "2"]
[White "Stocek, Jiri"]
[Black "Aagaard, Jacob"]
[Result "1-0"]
[WhiteElo "2460"]
[BlackElo "2370"]

1.d4 Nf6 2.c4 e6 3.Nc3 Bb4 4.Nf3 c5 5.g3 b6 6.Bg2 Bb7 7.O-O Nc6 8.d5 Na5
9.Nb5 Nxc4 10.Ne5 Nxe5 11.Nd6+ Ke7 12.Nxb7 Qb8 13.d6+ Ke8 14.Bf4 Nc4 15.a3 Bd2
16.Bxd2 Nd5 17.e4 Nf6 18.Bc3 Qxb7 19.Bxf6 gxf6 20.e5 Qc8 21.Qf3  1-0

[Event "Budapest FS04 GM"]
[Site "Budapest"]
[Date "1996.??.??"]
[Round "3"]
[White "Stocek, Jiri"]
[Black "Lukacs, Peter"]
[Result "1/2-1/2"]
[WhiteElo "2465"]
[BlackElo "2440"]

1.d4 Nf6 2.c4 e6 3.Nc3 Bb4 4.Nf3 b6 5.e3 Ne4 6.Qc2 Bb7 7.Bd3 Bxc3+ 8.bxc3 f5
9.O-O O-O 10.Ne1 c5 11.f3 Nd6 12.Ba3 Na6 13.Qa4 Qe7 14.Nc2 Rf7 15.Rae1 e5
16.Be2 Ne8 17.e4 f4 18.dxc5 Nxc5 19.Qb5 d6  1/2-1/2

[Event "Budapest FS04 GM"]
[Site "Budapest"]
[Date "1996.??.??"]
[Round "5"]
[White "Stocek, Jiri"]
[Black "Palkovi, Jozsef"]
[Result "1-0"]
[WhiteElo "2465"]
[BlackElo "2480"]

1.d4 Nf6 2.c4 e6 3.Nc3 Bb4 4.Nf3 c5 5.g3 cxd4 6.Nxd4 O-O 7.Bg2 d5 8.cxd5 Nxd5
9.Bd2 Bxc3 10.bxc3 e5 11.Nb3 Nc6 12.O-O Be6 13.Nc5 Qe7 14.Nxe6 Qxe6 15.Qb3 e4
16.Rad1 Rac8 17.c4 Nb6 18.c5 Nd5 19.Qxb7 Nd4 20.Qb2 Nxe2+ 21.Kh1 Rb8 22.Qc2 e3
23.Bxe3 Nxe3 24.fxe3 Qxe3 25.Qd3 Qe7 26.Rd2 Nxg3+ 27.Qxg3 Qxc5 28.Bd5 Rbc8
29.Qb3 Rc7 30.Bxf7+ Kh8 31.Rdf2 h6 32.Qd5 Qe7 33.Bg6 Rxf2 34.Qa8+  1-0

[Event "Spring op"]
[Site "Budapest"]
[Date "1996.??.??"]
[Round "5"]
[White "Lehmann, Zoltan"]
[Black "Gottschlich, Carsten"]
[Result "0-1"]
[WhiteElo "2300"]
[BlackElo "2160"]

1.d4 Nf6 2.c4 e6 3.Nc3 Bb4 4.Nf3 c5 5.e3 O-O 6.Bd3 Nc6 7.O-O Bxc3 8.bxc3 d6
9.Nd2 e5 10.d5 Ne7 11.Qc2 g6 12.f4 exf4 13.exf4 Bf5 14.h3 h5 15.Kh2 h4 16.Nf3 Bxd3
17.Qxd3 Nf5 18.Be3 Re8 19.Rfe1 Ne4 20.Nd2 Nxd2 21.Bxd2 Qd7 22.Kg1 Ng3 23.Be3 Qf5
24.Qxf5 Nxf5 25.Bf2 Kf8 26.Kf1 Rxe1+ 27.Rxe1 Re8 28.Rxe8+ Kxe8 29.Ke2 Kd7
30.Kf3 Ke7 31.Kg4 Kd7 32.Bxh4 Ne3+ 33.Kf3 Nxc4 34.Bf6 b5 35.g4 Ke8 36.h4 Nb6
37.Ke4 Nd7 38.Bg7 f6 39.Bh6 f5+ 40.gxf5 Nf6+ 41.Kd3 gxf5 42.c4 a6 43.Kc3 Nd7
44.a4 bxa4 45.Bg5 a3 46.h5 a2 47.Kb2 Nb6 48.Kxa2 Nxc4 49.h6 Kf7 50.Be7 Kg6  0-1

[Event "Budapest FS08 GM"]
[Site "Budapest"]
[Date "1996.??.??"]
[Round "8"]
[White "Stocek, Jiri"]
[Black "Lukacs, Peter"]
[Result "1-0"]
[WhiteElo "2460"]
[BlackElo "2475"]

1.d4 Nf6 2.c4 e6 3.Nc3 Bb4 4.Nf3 b6 5.Bg5 Bb7 6.e3 h6 7.Bh4 Bxc3+ 8.bxc3 d6
9.Nd2 Nbd7 10.f3 Qe7 11.e4 g5 12.Bf2 Nh5 13.a4 a5 14.Rb1 e5 15.c5 dxc5 16.Bb5 c6
17.Bc4 cxd4 18.cxd4 exd4 19.Bxd4 O-O 20.O-O Rad8 21.Qc2 Ne5 22.Qc3 Rxd4 23.Qxd4 Rd8
24.Qc3 Rxd2 25.Qxd2 Nxc4 26.Qd4 Ba6 27.Rfd1 Nf6 28.Qd8+ Qxd8 29.Rxd8+ Kg7
30.Ra8 Bb7 31.Rb8 Ba6 32.Ra8 Bb7 33.Ra7 Bc8 34.Rc7 Bd7 35.Rc1 Ne5 36.Rb7 b5
37.Ra7 Nc4 38.axb5 cxb5 39.Rxc4 bxc4 40.e5 Bf5 41.exf6+ Kxf6 42.Ra6+ Ke5
43.Rxa5+ Ke6 44.Rc5 Bd3 45.Kf2 Kf6 46.Ke3 Bf1 47.g3 Bd3 48.Kd4 Be2 49.Rc6+ Kg7
50.f4 gxf4 51.gxf4 f6 52.Ke4 Bd3+ 53.Kd5 Kg6 54.Ke6 f5 55.Ke5+ Kh5 56.h3 Bb1
57.Rxc4 Kh4 58.Rc6 h5 59.Rh6 Be4 60.Kf6  1-0

[Event "Elekes mem"]
[Site "Budapest"]
[Date "1996.??.??"]
[Round "9"]
[White "Wohlfahrt, Herbert J"]
[Black "Lorincz, Istvan"]
[Result "0-1"]
[WhiteElo "2250"]
[BlackElo "2375"]

1.c4 Nf6 2.Nf3 e6 3.Nc3 Bb4 4.d4 c5 5.e3 O-O 6.Bd3 d5 7.cxd5 cxd4 8.exd4 Nxd5
9.O-O Nc6 10.Qc2 h6 11.a3 Bxc3 12.bxc3 b6 13.c4 Nf6 14.Bb2 Bb7 15.Rad1 Rc8
16.Qe2 Re8 17.Rfe1 Qc7 18.h3 Ba6 19.Ne5 Nxe5 20.dxe5 Nd7 21.Qg4 Nf8 22.Bc1 Kh8
23.Re3 Bxc4 24.Rg3 g6 25.Qf4 Nh7 26.Bxc4 g5 27.Qf3 Qxc4 28.Qxf7 Rf8 29.Qxa7 Qe2
30.Rf1 Rxf2 31.Rxf2 Rxc1+ 32.Kh2 Qxf2 33.Qb8+ Kg7 34.Rf3 Qg1+ 35.Kg3 Qc5  0-1

[Event "Calgary op"]
[Site "Calgary"]
[Date "1996.??.??"]
[Round "5"]
[White "Sasata, Robert"]
[Black "Ferguson, Bobby"]
[Result "0-1"]
[WhiteElo "2180"]
[BlackElo "2235"]

1.d4 Nf6 2.c4 e6 3.Nc3 Bb4 4.Nf3 O-O 5.e3 c5 6.Bd3 d5 7.O-O Nc6 8.a3 Bxc3
9.bxc3 dxc4 10.Bxc4 Qc7 11.Ba2 e5 12.h3 e4 13.Nh2 Bf5 14.Ng4 Nxg4 15.hxg4 Bg6
16.Qe1 Rfe8 17.a4 Rac8 18.Bb2 b6 19.Qe2 Na5 20.d5 Qd7 21.c4 Qxa4 22.Bc3 f6
23.Rab1 Qd7 24.Bxa5 bxa5 25.Rb5 Qc7 26.Qd2 Red8 27.Rfb1 a4 28.Rb7 Qd6 29.Rxa7 Rb8
30.Rxa4 Rxb1+ 31.Bxb1 Qd7 32.Bc2 Rb8 33.d6 Bf7 34.Bxe4 Qxa4  0-1

[Event "Cannes op"]
[Site "Cannes"]
[Date "1996.??.??"]
[Round "5"]
[White "Zaja, Ivan"]
[Black "Zelcic, Robert"]
[Result "1/2-1/2"]
[WhiteElo "2405"]
[BlackElo "2495"]

1.d4 Nf6 2.c4 e6 3.Nc3 Bb4 4.Nf3 O-O 5.Bg5 c5 6.d5 d6 7.e3 e5 8.Qc2 Nbd7
9.Nd2 Qa5 10.Be2 b5 11.cxb5 a6 12.Nc4 Qc7 13.b6 Nxb6 14.Nxb6 Qxb6 15.Bxf6 gxf6
16.Bd3 h6 17.O-O Bxc3 18.bxc3 Bd7 19.Rab1 Qc7 20.f4 c4 21.Bf5 Rab8 22.fxe5 Rxb1
23.Qxb1 fxe5 24.Qe4 Bxf5 25.Qxf5 Qe7 26.Rf3 Rb8 27.Rg3+ Kh8 28.h3 Rg8 29.Rxg8+ Kxg8
30.Qc8+ Kg7 31.Qxc4 Qa7 32.Kf2 Qb6 33.Qb4 Qc7 34.c4 Qe7 35.Kg1 Qa7 36.Kf2 Qe7
37.Kg1 Qa7 38.c5 dxc5 39.Qg4+ Kf6 40.Qh4+ Kg7 41.Qg4+ Kf6 42.Qc8 Qb6 43.Qh8+ Ke7
44.Qxe5+ Kd7 45.Qf5+ Ke7 46.Qf4 Qb1+ 47.Kh2 Qb6 48.Qe5+ Kd7 49.Qf5+ Ke7 50.Kg3 c4
51.Qe4+ Kd7 52.Qxc4 Qxe3+ 53.Kh2 Qe5+ 54.Kg1 Qe1+ 55.Kh2 Qe5+ 56.g3 Qb2+
57.Kg1 Qb1+ 58.Kg2 Qb2+ 59.Kf3 Qf6+ 60.Qf4 Qc3+ 61.Kg4 Qg7+ 62.Kh4 Qg6 63.g4 a5
64.Qe5 a4 65.d6 Qe6 66.Qxe6+ fxe6 67.g5 hxg5+ 68.Kxg5 Kxd6 69.h4 Ke7 70.Kg6 a3
71.h5 Kf8 72.Kf6 Kg8 73.Kxe6 Kh7 74.Kd5 Kh6 75.Kc4 Kxh5 76.Kb3 Kg6 77.Kxa3 Kf7
78.Kb4 Ke8 79.Kb5 Kd8  1/2-1/2

[Event "Cannes op"]
[Site "Cannes"]
[Date "1996.??.??"]
[Round "5"]
[White "Brumen, Dinko"]
[Black "Verat, Laurent"]
[Result "0-1"]
[WhiteElo "2335"]
[BlackElo "2300"]

1.c4 Nf6 2.Nc3 e6 3.d4 Bb4 4.Nf3 d5 5.cxd5 exd5 6.Qa4+ Nc6 7.Bg5 h6 8.Bxf6 Qxf6
9.Ne5 O-O 10.Nxc6 Bxc3+ 11.bxc3 Bd7 12.e3 Bxc6 13.Bb5 Bxb5 14.Qxb5 Qd6 15.O-O b6
16.c4 c6 17.Qa4 Rfc8 18.Rfe1 c5 19.Rad1 dxc4 20.d5 c3 21.e4 f6 22.Qc4 a6
23.Qxc3 b5 24.Qc1 c4 25.f4 Qc5+ 26.Kh1 Rd8 27.f5 Qd6 28.Qc3 Re8 29.Rb1 Rab8
30.Re3 Qe5 31.Qb4 Qd4 32.Rbe1 Rbd8 33.Qa3 Qb6 34.Qc3 Re5 35.a3 Qc5 36.Rg3 Rde8
37.Rge3 Ra8 38.h3 a5 39.Rb1 Rae8 40.Ree1 Rxe4 41.Rxe4 Rxe4 42.Rd1 b4 43.axb4 axb4
44.Qa1 Qd6 45.Qa2 c3 46.Qc2 Qe5 47.Qb3 Re1+ 48.Rxe1 Qxe1+ 49.Kh2 Qe5+ 50.Kh1 Qd6
51.Qc4 Kh7 52.Qd3 Qc5 53.Qg3 Qxd5 54.Qg6+ Kh8 55.Qe8+ Qg8 56.Qc6 Qb8  0-1

[Event "Catalunya-chT"]
[Site "Catalunya"]
[Date "1996.??.??"]
[Round "?"]
[White "Torrecillas Martinez, Antonio"]
[Black "Medina Garcia, Antonio Angel"]
[Result "1-0"]
[WhiteElo "2345"]
[BlackElo "2360"]

1.d4 Nf6 2.c4 e6 3.Nf3 Bb4+ 4.Nc3 b6 5.e3 Bb7 6.Bd3 O-O 7.O-O d5 8.a3 dxc4
9.Bxc4 Bd6 10.Qe2 Nbd7 11.e4 e5 12.Bg5 h6 13.Bh4 c6 14.dxe5 Nxe5 15.Nxe5 Bxe5
16.f4 Bxc3 17.bxc3 b5 18.Bd3 Qb6+ 19.Kh1 Nd7 20.e5 Rfe8 21.Rae1 a6 22.Qg4 Bc8
23.e6 Nf8 24.exf7+ Kxf7 25.Qh5+ g6 26.Bxg6+  1-0

[Event "Catalunya-chT"]
[Site "Catalunya"]
[Date "1996.??.??"]
[Round "?"]
[White "Campos Moreno, Javier B"]
[Black "Rodriguez Vargas, Orestes"]
[Result "0-1"]
[WhiteElo "2475"]
[BlackElo "2405"]

1.d4 Nf6 2.c4 e6 3.Nc3 Bb4 4.Nf3 d5 5.Bg5 h6 6.Bxf6 Qxf6 7.e3 O-O 8.Rc1 c6
9.Bd3 Nd7 10.O-O Qe7 11.a3 dxc4 12.Bxc4 Bd6 13.Ne4 Bc7 14.Ba2 Rd8 15.Qc2 Nf8
16.Ne5 f6 17.Nd3 Rb8 18.Rfd1 Bd7 19.Ng3 Kh8 20.e4 Be8 21.Qc3 Bg6 22.e5 Bxd3
23.exf6 Qxf6 24.Rxd3 Bb6 25.Rcd1 e5 26.Rf3 Qh4 27.Nf5 Qg5 28.Qb3 Ng6 29.h4 Qg4
30.Qf7 Nxh4 31.Nxh4 Qxh4 32.Rh3 Qf4 33.Rf3 Qxf7 34.Rxf7 Bxd4 35.Kf1 Rf8  0-1

[Event "Politiken Cup"]
[Site "Copenhagen"]
[Date "1996.??.??"]
[Round "10"]
[White "Maksimenko, Andrei"]
[Black "Macieja, Bartlomiej"]
[Result "1-0"]
[WhiteElo "2545"]
[BlackElo "2430"]

1.d4 Nf6 2.c4 e6 3.Nc3 Bb4 4.Nf3 c5 5.e3 O-O 6.Be2 d5 7.cxd5 Nxd5 8.Qc2 cxd4
9.exd4 Nc6 10.O-O Be7 11.Rd1 Re8 12.a3 Nxc3 13.bxc3 b6 14.Bd3 g6 15.h4 Bb7
16.h5 Bf6 17.Bf4 Bg7 18.Ng5 Rc8 19.Qe2 e5 20.hxg6 hxg6 21.Bxg6 exf4 22.Bxf7+ Kf8
23.Qh5 Qxg5 24.Qxg5 Kxf7 25.Re1 Ne7 26.Qh5+ Kf8 27.Re6 Nd5 28.Rae1 Rxe6 29.Rxe6 Nf6
30.Qg6 Ne8 31.Qf5+ Kg8 32.Re7 Ba6 33.Qf7+  1-0

[Event "Politiken Cup"]
[Site "Copenhagen"]
[Date "1996.??.??"]
[Round "11"]
[White "Aagaard, Jacob"]
[Black "Hellsten, Johan"]
[Result "1/2-1/2"]
[WhiteElo "2290"]
[BlackElo "2475"]

1.c4 e6 2.d4 Nf6 3.Nf3 Bb4+ 4.Nc3 O-O 5.e3 b6 6.Bd3 Bb7 7.O-O Bxc3 8.bxc3 Be4
9.Ng5 Bxd3 10.Qxd3 h6 11.Nh3 d6 12.e4 e5 13.f4 Nbd7 14.Bd2 Qc8 15.fxe5 dxe5
16.Rf5 Qb7 17.Re1 Qc6 18.Bxh6 gxh6 19.dxe5 Nh7 20.Nf4 Rae8 21.e6 Rxe6 22.Nxe6 fxe6
23.Qg3+ Ng5 24.Rff1 Qc5+ 25.Kh1 Rxf1+ 26.Rxf1 Qe5 27.Qg4 Qxe4 28.Qh5 Nf6
29.Qxh6 Ngh7 30.h3 Kf7 31.c5 e5 32.cxb6 axb6 33.Kh2 Ke6 34.Rf2 Qd5 35.g4 e4
36.Re2 Ng5 37.h4 Nf3+ 38.Kg2 Qd1 39.Rxe4+ Ne5 40.Rxe5+ Kxe5 41.Qg5+ Ke6 42.Qf5+ Kf7
43.g5 Qd5+ 44.Qf3 Qxf3+ 45.Kxf3 Nh5 46.Ke4 Ke6 47.Kd4 Ng3 48.Kc4 c6 49.a4 Ne4
50.g6 Nd6+ 51.Kb3 Kf6 52.h5 Kg7 53.Kb4 c5+ 54.Kb3 Kh6 55.a5 bxa5 56.Ka4 Ne4
57.c4 Nf6 58.Kb5 Nd7 59.Kxa5 Kxh5 60.g7 Nf6 61.Kb5 Kg6  1/2-1/2

[Event "CZE-chT 9596"]
[Site "?"]
[Date "1996.??.??"]
[Round "4"]
[White "Tobyas, Miroslav"]
[Black "Znamenacek, Kvetoslav"]
[Result "0-1"]
[WhiteElo "2315"]
[BlackElo "2315"]

1.d4 Nf6 2.c4 e6 3.Nc3 Bb4 4.Nf3 c5 5.g3 O-O 6.Bg2 Nc6 7.O-O Bxc3 8.bxc3 d6
9.dxc5 dxc5 10.Bf4 Qa5 11.Qc2 Re8 12.Bd6 Bd7 13.Rab1 b6 14.Nd2 Rac8 15.Ne4 Nxe4
16.Bxe4 h6 17.f4 Ne7 18.Bxe7 Rxe7 19.Qb2 Qa6 20.Bd3 Bc6 21.f5 exf5 22.Rxf5 Ba8
23.Qd2 Qb7 24.Rd5 Qc7 25.Rf5 Qc6 26.Rd5 Re5 27.Rd1 Rce8 28.Qf4 Re3 29.Rf1 Qe6
30.Rd6 Qe7 31.Rf2 Re6 32.Rxe6 Qxe6 33.Qf5 Qxf5 34.Rxf5 f6 35.Kf2 Kf7 36.Rf4 g5
37.Rf5 Be4 38.Bxe4 Rxe4 39.Rd5 Ke7 40.Rd3 Rxc4 41.Re3+ Kd6 42.Rd3+ Ke5 43.Re3+ Re4
44.Rd3 Ra4 45.Rd2 Ra3 46.Rc2 Ke4 47.Kf1 Ke3 48.Ke1 h5 49.Kf1 Ra4 50.Kg2 h4  0-1

[Event "CZE-chT2c 9596"]
[Site "CZE"]
[Date "1996.??.??"]
[Round "1"]
[White "Cempel, Jaroslav"]
[Black "Jurasek, Miroslav"]
[Result "0-1"]
[WhiteElo "2290"]
[BlackElo "2240"]

1.d4 Nf6 2.c4 e6 3.Nc3 Bb4 4.Nf3 O-O 5.e3 d5 6.a3 Bd6 7.c5 Be7 8.b4 b6 9.Ne5 Nfd7
10.Nxd7 Nxd7 11.Bd3 c6 12.O-O Bf6 13.f4 g6 14.Bd2 Bg7 15.Qe2 bxc5 16.bxc5 Qc7
17.Rab1 Bb7 18.Ba6 Rfb8 19.Na2 Nf6 20.Bd3 Ne4 21.Rfc1 f6 22.Be1 Re8 23.Qc2 f5
24.Qa4 h6 25.Nb4 a5 26.Na2 Ba6 27.Bxa6 Rxa6 28.Nb4 Qc8 29.Nxa6 Qxa6 30.Qc2 g5
31.g3 gxf4 32.gxf4 Kh8 33.Rb6 Qa8 34.Qa4 Rg8 35.Bg3 Qd8 36.Rb2 Bf6 37.Rg2 h5
38.Qc2 h4 39.Be1 h3 40.Rxg8+ Qxg8+ 41.Kf1 Bxd4 42.exd4 Qg4 43.Bg3 Qf3+ 44.Kg1 Qe3+
45.Bf2 Nxf2 46.Qxf2 Qxc1+ 47.Qf1 Qc3 48.Kf2 Qxd4+ 49.Kg3 Qe3+ 50.Kh4 Kg7
51.a4 e5 52.Kh5 Qxf4  0-1

[Event "Decin op"]
[Site "Decin"]
[Date "1996.??.??"]
[Round "9"]
[White "Jurek, Josef"]
[Black "Gross, Stefan"]
[Result "1/2-1/2"]
[WhiteElo "2380"]
[BlackElo "2330"]

1.d4 Nf6 2.c4 e6 3.Nf3 Bb4+ 4.Nc3 b6 5.Bg5 h6 6.Bh4 Bb7 7.e3 g5 8.Bg3 Ne4
9.Qc2 Bxc3+ 10.bxc3 d6  1/2-1/2

[Event "RUS-ch sf"]
[Site "Ekaterinburg"]
[Date "1996.??.??"]
[Round "?"]
[White "Ovchinikova, Julia"]
[Black "Fradkin, Boris"]
[Result "1/2-1/2"]
[WhiteElo "2230"]
[BlackElo "2365"]

1.d4 Nf6 2.c4 e6 3.Nc3 Bb4 4.Nf3 b6 5.Bg5 Bb7 6.e3 h6 7.Bh4 g5 8.Bg3 Ne4
9.Qc2 Bxc3+ 10.bxc3 d6 11.h4 g4 12.Nd2 f5 13.Nxe4 Bxe4 14.Qe2 Bb7 15.f3 Rg8
16.Bf2 Nd7 17.e4 fxe4 18.fxg4 Qf6 19.Be3 O-O-O 20.g5 hxg5 21.Bxg5 Rxg5 22.hxg5 Qxg5
23.Rh3 Rf8 24.Qe3 Qa5 25.Be2 e5 26.Bg4 exd4 27.Qxd4 Bc6 28.Rh8 Rxh8 29.Qxh8+ Kb7
30.Bxd7 Bxd7 31.Qd4 Bc6 32.g3 Qh5 33.Rd1 Qf3 34.Kd2 Qxg3 35.Re1 Qg2+ 36.Re2 Qf1
37.Re1 e3+ 38.Rxe3 Qa1 39.Re7 Qxa2+ 40.Ke3 Qh2 41.Qg7 Qh3+ 42.Kd2 Qc8 43.Rf7 d5
44.cxd5 Bxd5 45.Re7 Qd8 46.Rd7 Qh4 47.Rxd5 Qf4+ 48.Kd3 Qf3+  1/2-1/2

[Event "RUS-ch"]
[Site "Elista"]
[Date "1996.??.??"]
[Round "7"]
[White "Volzhin, Alexander"]
[Black "Epishin, Vladimir"]
[Result "1-0"]
[WhiteElo "2485"]
[BlackElo "2620"]

1.d4 Nf6 2.c4 e6 3.Nc3 Bb4 4.Nf3 c5 5.g3 O-O 6.Bg2 cxd4 7.Nxd4 d5 8.cxd5 Nxd5
9.Qb3 Qa5 10.Bd2 Nc6 11.Nxc6 bxc6 12.O-O Bxc3 13.bxc3 Ba6 14.Rfd1 Qc5 15.e4 Bc4
16.Qa4 Nb6 17.Qb4 Qxb4 18.cxb4 Rad8 19.Be3 Rxd1+ 20.Rxd1 Bxa2 21.Bc5 Rb8
22.Ra1 Bc4 23.Rxa7 h6 24.f4 Bb5 25.Rc7 Na8 26.Re7 Nb6 27.Bf3 Nc4 28.f5 exf5
29.exf5 Nd2 30.Bg2 Nb3 31.Rc7 Nxc5 32.bxc5 Kf8 33.g4 Rd8 34.Bxc6 Bxc6 35.Rxc6 Ke7
36.Kf2 Rd2+ 37.Kg3 Rd3+ 38.Kf4 Rd4+ 39.Ke5 Rxg4 40.Rc7+ Ke8 41.c6 Rg2 42.Rb7 Re2+
43.Kd6 Rd2+ 44.Kc7 Rc2 45.Kb6 Rxh2 46.f6 gxf6 47.Rb8+ Ke7 48.c7 Rc2 49.c8=Q Rxc8
50.Rxc8 Kd6 51.Rc5 f5 52.Kb5 f4 53.Kc4 Ke6 54.Kd4  1-0

[Event "Eikrem mem"]
[Site "Gausdal"]
[Date "1996.??.??"]
[Round "8"]
[White "Nielsen, Peter Heine"]
[Black "Fossan, Erik"]
[Result "1/2-1/2"]
[WhiteElo "2530"]
[BlackElo "2360"]

1.d4 Nf6 2.c4 e6 3.Nc3 Bb4 4.Nf3 c5 5.g3 cxd4 6.Nxd4 O-O 7.Bg2 d5 8.cxd5 Nxd5
9.Qb3 Qb6 10.Bxd5 exd5 11.Be3 Qa5 12.Rc1 Nc6 13.a3 Bxc3+ 14.Qxc3 Qxc3+ 15.Rxc3 Nxd4
16.Bxd4 Bd7 17.Kd2 a6 18.Rc5 Rfc8 19.Rhc1 Rxc5 20.Rxc5 Bc6 21.g4 f6 22.Rc3 Re8
23.Rg3 Re4 24.e3 Kf7 25.Kc3 Bd7 26.f3 Re8 27.b3 Rc8+ 28.Kb2 Bb5 29.Rg2 Bd3
30.Rd2 Bg6 31.Bc3 Ke6 32.Rg2 Kf7 33.g5 Re8 34.Bd4 Rc8 35.gxf6 gxf6 36.Rd2 Bh5
37.Bc3 Ke6 38.a4 Rg8 39.Ka3 Rc8 40.Kb2 Rg8 41.Rf2 Bg6 42.Bd4  1/2-1/2

[Event "BL2-O9596"]
[Site "Germany"]
[Date "1996.??.??"]
[Round "?"]
[White "Euler, Gerd"]
[Black "Traudes, Wolfgang"]
[Result "1-0"]
[WhiteElo "2365"]
[BlackElo "2235"]

1.c4 Nf6 2.d4 e6 3.Nf3 Bb4+ 4.Nc3 c5 5.g3 cxd4 6.Nxd4 Nc6 7.Bg2 O-O 8.O-O a6
9.Na4 d5 10.cxd5 exd5 11.Nxc6 bxc6 12.Be3 Re8 13.Rc1 Bd7 14.Bc5 Rb8 15.Qc2 Ne4
16.Bxb4 Rxb4 17.b3 Qa5 18.Rfd1 h6 19.a3 Rbb8 20.Bxe4 Rxe4 21.Nc5 Re7 22.b4 Qb5
23.Nxd7 Rxd7 24.Qxc6 Qxc6 25.Rxc6 a5 26.bxa5 Rb5 27.a6 Ra7 28.Rd4 Ra5 29.a4 Kf8
30.Kf1 Ke7 31.Ke1 R7xa6 32.Rxa6 Rxa6 33.Kd2 Kd6 34.Kc3 Kc5 35.e3 Rb6 36.Rd1 Ra6
37.Ra1 Ra5 38.h4 h5 39.Ra2 g6 40.Ra1 Ra7 41.a5 Ra6 42.Ra2 Kb5 43.Kd4 Kb4
44.Ra1 Kb3 45.Kc5 Kb2 46.Ra4 Kb3 47.Kb5 Ra8 48.a6 Rb8+ 49.Ka5 Rc8 50.Rd4 Rc2
51.Rb4+  1-0

[Event "BL2-S9596"]
[Site "Germany"]
[Date "1996.??.??"]
[Round "?"]
[White "Stocek, Jiri"]
[Black "Kabatianski, Alexandr"]
[Result "0-1"]
[WhiteElo "2465"]
[BlackElo "2445"]

1.d4 Nf6 2.c4 e6 3.Nc3 Bb4 4.Nf3 c5 5.g3 cxd4 6.Nxd4 Ne4 7.Qc2 Qa5 8.Qxe4 Bxc3+
9.Kd1 Bb4 10.Nb3 Qa4 11.Qg4 Bf8 12.Bd2 Nc6 13.Qf4 b6 14.Bg2 Ba6 15.c5 Bc4
16.Rc1 Bxb3+ 17.axb3 Qxb3+ 18.Ke1 Bxc5 19.Bc3 f6 20.Qc7 O-O 21.Qxd7 Ne5 22.Qd1 Qxd1+
23.Rxd1 Rad8 24.e3 Nd3+ 25.Ke2 Nb4 26.g4 Kf7 27.h4 Na2 28.Bd2 a5 29.Be4 h6
30.f4 Ke7 31.g5 fxg5 32.hxg5 hxg5 33.fxg5 Bb4 34.Rh7 Rg8 35.Bb1 Rxd2+ 36.Rxd2 Bxd2
37.Bxa2 Bc1 38.Rh1 Rc8 39.Kd3 b5 40.Rf1 b4 41.g6 Bxb2 42.Rf7+ Kd6 43.Bc4 Ra8
44.Rb7 Bc3 45.Ba2 a4 46.Kc4 Rc8+ 47.Kd3 b3  0-1

[Event "BL9596 (Women)"]
[Site "Germany"]
[Date "1996.??.??"]
[Round "?"]
[White "Espig, Gesine"]
[Black "Elschner, Annegret"]
[Result "1/2-1/2"]
[WhiteElo "2145"]
[BlackElo "2145"]

1.c4 e6 2.Nc3 Nf6 3.d4 Bb4 4.Nf3 b6 5.e3 Bb7 6.Bd3 O-O 7.O-O d5 8.Bd2 Nbd7
9.Nxd5 Nxd5 10.cxd5 Bxd2 11.dxe6 Bxf3 12.gxf3 fxe6 13.Qxd2 Qh4 14.Be4 Rf6
15.f4 Rh6 16.f3 Rf8 17.Rf2 Qh3 18.Rg2 Nf6 19.Rc1 Ne8 20.Kh1 Rf7 21.Rcg1 Nd6
22.Rg3 Qh4 23.Qg2 Qf6 24.d5 e5 25.fxe5 Qxe5 26.Rg5 Qe7 27.Bd3 Ne8 28.e4 Rhf6
29.e5 Rxf3 30.Be4 Rf2 31.Qh3 g6 32.Qg3 Rf1 33.d6 Rxg1+ 34.Qxg1 cxd6 35.Bd5 dxe5
36.Bxf7+ Kxf7 37.Qf2+ Kg7 38.Rg3 Nd6 39.Rd3 Nf5 40.Qd2 Qb7+ 41.Kg1 Qe4 42.Rd7+  1/2-1/2

[Event "BL2-W9697"]
[Site "Germany"]
[Date "1996.??.??"]
[Round "?.1"]
[White "Schoen, Wolfram"]
[Black "Chuchelov, Vladimir"]
[Result "1-0"]
[WhiteElo "2420"]
[BlackElo "2490"]

1.d4 Nf6 2.c4 e6 3.Nc3 Bb4 4.Nf3 b6 5.e3 Bb7 6.Bd3 O-O 7.O-O c5 8.Na4 cxd4
9.exd4 Re8 10.a3 Bf8 11.Re1 d6 12.b4 Nbd7 13.Bb2 g6 14.Nc3 Bg7 15.Bf1 a6
16.a4 a5 17.bxa5 Rxa5 18.Nb5 Qb8 19.Nd2 Rc8 20.Ba3 Ne8 21.Bb4 Ra8 22.Nb3 d5
23.c5 bxc5 24.Nxc5 Nxc5 25.Bxc5 Ba6 26.Rb1 Bxb5 27.Bxb5 Qc7 28.Qd3 Nd6 29.Rec1 Qd8
30.Ba6 Rcb8 31.a5 Rxb1 32.Rxb1 Ne4 33.Bb6 Qf6 34.f3 Nd6 35.Bb5 Nxb5 36.Qxb5 Qf4
37.Qd3 Rb8 38.g3 Bxd4+ 39.Kg2 Qe3 40.Bxd4  1-0

[Event "BL2-N9596"]
[Site "Germany"]
[Date "1996.??.??"]
[Round "?"]
[White "Rogozenko, Dorin"]
[Black "Blauert, Joerg"]
[Result "1/2-1/2"]
[WhiteElo "2430"]
[BlackElo "2390"]

1.d4 e6 2.c4 Nf6 3.Nc3 Bb4 4.Nf3 c5 5.g3 cxd4 6.Nxd4 O-O 7.Bg2 d5 8.cxd5 Nxd5
9.Qb3 Qa5 10.Bd2 Nc6 11.Nxc6 bxc6 12.O-O Bxc3 13.Bxc3 Nxc3 14.bxc3 Ba6 15.Qb4 Qe5
16.Rfe1 Rab8 17.Qa3 Qb5 18.c4 Qxc4 19.Rac1 Qb5 20.Bxc6 Qb6 21.Be4 Bb5 22.Rb1 Rfd8
23.Rb3 a6 24.Reb1 Qd4 25.Rb4 Qd2 26.R4b2 Qd4 27.Rb4 Qd2 28.R4b2 Qd4 29.Rb4  1/2-1/2

[Event "NRW-Liga II 9596"]
[Site "Germany"]
[Date "1996.??.??"]
[Round "?"]
[White "Barsov, Alexei"]
[Black "Sjodahl, Pontus"]
[Result "1/2-1/2"]
[WhiteElo "2470"]
[BlackElo "2415"]

1.d4 Nf6 2.c4 e6 3.Nc3 Bb4 4.Nf3 b6 5.Qb3 c5 6.Bg5 Nc6 7.O-O-O Bxc3 8.d5 Nd4
9.Qxc3 Ne4 10.Bxd8 Nxc3 11.bxc3 Nxf3 12.Bc7 Ng5 13.f3 f6 14.dxe6 Nxe6 15.Bg3 Bb7
16.e4 Bc6 17.h4 Kf7 18.Bd3 g6 19.Bc2 h5 20.Kd2 Rag8 21.Ke3 Nd8 22.e5 f5 23.Rd6 Ne6
24.Rb1 Rb8 25.Rbd1 Rbe8 26.Bh2 Re7 27.R1d2 Kg7 28.Rf2 Rf7 29.Bf4 Re8 30.Rfd2 Rfe7
31.Re2 Rf7 32.g3 Rfe7 33.Re1 Rf7 34.Rg1 Rff8 35.a4 Rf7 36.a5 bxa5 37.Ra1 Rb8
38.Rxa5 Rb2 39.Bd3 Rb7 40.Bg5 Rf8 41.Bf6+ Kf7 42.Bc2 Rc8 43.Rd1 Rb2 44.Rd2 Rb7
45.Bd1 Rcc7 46.Ra1 a5 47.Rxa5 Ra7 48.Rda2 Rxa5 49.Rxa5 Rb7 50.Ra2 Rb1 51.Kd2 f4
52.gxf4 Nxf4 53.Kc2 Rb8 54.Bg5 Ne6 55.Be3 Kg7 56.Kd2 Rf8 57.f4 Nxf4 58.Bxc5 Ra8
59.Rb2 Ne6 60.Be7 Ra5 61.Bf6+ Kf7 62.Ke3 Ra1 63.Bc2 Rg1 64.Rb8 Rg3+ 65.Kd2 Rg2+
66.Kc1 Rg1+ 67.Kb2 Rg2 68.Kb1 Rg1+ 69.Ka2 Rg2 70.Rb2 g5 71.hxg5 Nxg5 72.Bf5 Rxb2+
73.Kxb2 Ne4 74.Bxe4 Bxe4 75.Kb3 Ke6 76.c5 Bc6 77.Kb4 Kd5 78.c4+ Ke4 79.Ka5 Kd3
80.Kb6 Ba4 81.Kc7  1/2-1/2

[Event "NRW-Liga II 9596"]
[Site "Germany"]
[Date "1996.??.??"]
[Round "?"]
[White "Barsov, Alexei"]
[Black "Schoenthier, Frank"]
[Result "1/2-1/2"]
[WhiteElo "2470"]
[BlackElo "2365"]

1.d4 Nf6 2.c4 e6 3.Nc3 Bb4 4.Nf3 d6 5.Bg5 Nbd7 6.e3 h6 7.Bh4 b6 8.Bd3 Bb7
9.O-O Bxc3 10.bxc3 Qe7 11.Nd2 g5 12.Bg3 h5 13.h4 Rg8 14.f3 O-O-O 15.hxg5 Rxg5
16.Bh4 Rg7 17.Ne4 Rdg8 18.Rf2 Nxe4 19.Bxe7 Nxf2 20.Kxf2 Rxg2+ 21.Ke1 Rh2
22.Bf1 Rg1 23.e4 h4 24.Bxh4 Rxh4 25.Kf2 Rg5 26.Bd3 f5 27.exf5 exf5 28.Qe1 Rh2+
29.Ke3 Rg8 30.Kf4 Rh3 31.d5 Kd8 32.Bxf5 Rh6 33.Be6 Rf8+ 34.Kg5 Rhf6 35.f4 Rxf4
36.Bxd7 Kxd7 37.Qe6+ Kd8 38.Re1 R4f7 39.Kg6 Rd7 40.Qe4 Rg8+ 41.Kh6 Rh8+ 42.Kg6  1/2-1/2

[Event "Greenhills op"]
[Site "Greenhills"]
[Date "1996.??.??"]
[Round "3"]
[White "Roca, Petronio"]
[Black "Fuentes, Mardonio"]
[Result "1-0"]
[WhiteElo "2350"]
[BlackElo "2350"]

1.d4 Nf6 2.c4 e6 3.Nf3 Bb4+ 4.Nc3 d5 5.Qa4+ Nc6 6.Bg5 O-O 7.e3 Bd7 8.Qc2 h6
9.Bh4 dxc4 10.Bxc4 Be7 11.O-O Nd5 12.Bg3 Nb6 13.Be2 Nb4 14.Qd2 N4d5 15.Ne4 Nf6
16.Nxf6+ Bxf6 17.Rfc1 Bc6 18.Ne5 Bxe5 19.Bxe5 Nd7 20.Bg3 Nf6 21.Qa5 Qd5 22.Qxd5 Nxd5
23.a3 a5 24.Rc5 Rfc8 25.Rac1 a4 26.h4 f5 27.Be5 Rd8 28.g4 Rd7 29.Kf1 Rf8
30.gxf5 exf5 31.Ke1 Kh7 32.Bd3 h5 33.Ke2 g6 34.f3 Nf6 35.Rxc6 bxc6 36.Rxc6 Nd5
37.Bb5 Rb8 38.Rc5 Rdd8 39.e4 fxe4 40.fxe4 Ne7 41.Bxc7 Rxb5 42.Bxd8 Rxc5 43.dxc5 Nc6
44.Bc7 Kg7 45.Kd3 Kf6 46.Kc4 Ke6  1-0

[Event "Koop Tjuchem op"]
[Site "Groningen"]
[Date "1996.??.??"]
[Round "1"]
[White "Lanchava, Tea"]
[Black "Ruzele, Darius"]
[Result "1/2-1/2"]
[WhiteElo "2265"]
[BlackElo "2520"]

1.d4 Nf6 2.c4 e6 3.Nc3 Bb4 4.Nf3 c5 5.g3 b6 6.Bg2 Bb7 7.O-O O-O 8.d5 Bxc3
9.bxc3 d6 10.Nh4 e5 11.e4 Ne8 12.f4 exf4 13.Bxf4 Nd7 14.Qh5 g6 15.Qh6 Qe7
16.Bh3 Ne5 17.Bg5  1/2-1/2

[Event "Koop Tjuchem op"]
[Site "Groningen"]
[Date "1996.??.??"]
[Round "8"]
[White "Atalik, Suat"]
[Black "Vehi Bach, Victor Manuel"]
[Result "1-0"]
[WhiteElo "2525"]
[BlackElo "2365"]

1.d4 Nf6 2.c4 e6 3.Nc3 Bb4 4.Nf3 d6 5.Qc2 Nbd7 6.g3 b6 7.Bg2 Bb7 8.O-O Bxc3
9.Qxc3 O-O 10.b3 Qe7 11.Bb2 c5 12.Rad1 Rfc8 13.d5 e5 14.Nh4 Ne8 15.Nf5 Qf8
16.f4 a6 17.Nxd6 Nxd6 18.fxe5 Nf5 19.e6 Nd4 20.Rxd4 cxd4 21.exf7+  1-0